| 000 | 00711nma a2200217 u 4500 | ||
|---|---|---|---|
| 005 | 20250109063815.0 | ||
| 008 | 070326s1986 fr 0 0n0 fre d | ||
| 035 | _aUPN01000150004 | ||
| 049 | _aUNE | ||
| 050 | 4 |
_aLA1501 _bE3.8 |
|
| 245 | 0 | 0 |
_aEducation pour la survie et le développement de l'enfant en Afrique / _ccontributions de R. Kagia ... [et al. ]. |
| 260 |
_aParis : _bUNESCO : _bUNICEF, _c1986. |
||
| 300 | _a127 p. | ||
| 440 | 0 |
_aDigests ; _v20 |
|
| 500 | _aTambién localizas un ejemplar en Colección General | ||
| 650 | 4 |
_aEducación _zÁfrica _9687 |
|
| 650 | 2 |
_aEducación de niños _zÁfrica _917803 |
|
| 650 | 4 |
_aNIÑOS EN AFRICA _918217 |
|
| 700 | 1 |
_aKagia, R., _ecoaut. |
|
| 905 | _aLibro | ||
| 999 |
_c122145 _d122145 |
||